000 00749cam a2200253 a 4500
999 _c4173
_d4173
003 ALUPE UNIVERSITY COLLEGE
005 20220318093604.0
008 220318b ||||| |||| 00| 0 eng d
020 _a0443037876
040 _cALUPE UNIVERSITY COLLEGE
050 _aRA652
_b.B37 1991
100 1 _aBarker, D. J. P.
245 1 0 _aPractical epidemiology /
_cD.J.P. Barker, A.J. Hall.
250 _a4th ed.
260 _aEdinburgh ;
_aNew York :
_bChurchill Livingstone,
_cc1991.
300 _a173 p. :
_bill. ;
_c22 cm.
500 _aIncludes index.
504 _aIncludes bibliographical references.
583 1 _5NNU
650 0 _aEpidemiology
_xTechnique.
700 1 _aHall, A. J.
_q(Andrew James)
930 1 _hRA652.4
942 _2lcc
_cBK